| 000 | 00340nam a2200133Ia 4500 | ||
|---|---|---|---|
| 008 | 220204s9999 xx 000 0 und d | ||
| 082 |
_a582.282.21:632.25 _bSPE |
||
| 245 | 0 | _aPowdery mildews. | |
| 260 |
_aLondon _bAcademic _c1978 |
||
| 650 | _aHost parasite interaction | ||
| 650 | _aPowdery mildew | ||
| 700 | _aSPENCER, D M | ||
| 942 | _cBK | ||
| 999 |
_c31903 _d31903 |
||